| 000 | 00351nam a22001457a 4500 | ||
|---|---|---|---|
| 999 |
_c524203 _d524203 |
||
| 020 | _a9787300246949 | ||
| 040 | _cNUST | ||
| 082 |
_a332.0951 _bFIN |
||
| 100 |
_aYongsheng Zhao _915019 |
||
| 245 | _aThe financial reforms in china | ||
| 260 |
_aChina _brenmin university press _c2017 |
||
| 300 | _aill,311.p,: | ||
| 500 | _aP.B | ||
| 942 |
_2ddc _cBK |
||